Vista normal
Vista MARC
Entrada Personal Name
Número de registros utilizados en: 1
001 - CONTROL NUMBER
- control field: 8624
003 - CONTROL NUMBER IDENTIFIER
- control field: DLC
005 - DATE AND TIME OF LATEST TRANSACTION
- control field: 20181217124409.0
008 - FIXED-LENGTH DATA ELEMENTS
- fixed length control field: 791030n| acannaabn |b aaa
010 ## - LIBRARY OF CONGRESS CONTROL NUMBER
- LC control number: n 79123746
035 ## - SYSTEM CONTROL NUMBER
- System control number: (OCoLC)oca00355328
040 ## - CATALOGING SOURCE
- Original cataloging agency: DLC
- Language of cataloging: spa
- Transcribing agency: Mx-PuUPA
- Modifying agency: DLC
- Modifying agency: OCoLC
- Modifying agency: Mx-PuUPA
- Description conventions: rda
100 1# - HEADING--PERSONAL NAME
- Personal name: Seoánez Calvo, Mariano,
372 ## - FIELD OF ACTIVITY
- Field of activity: Ingeniería del medio ambiente
374 ## - OCCUPATION
- Occupation: Ingeniero
- Occupation: autor
- Occupation: Especialista en contaminación del medio ambiente
375 ## - GENDER
- Gender: hombre
377 ## - ASSOCIATED LANGUAGE
- Language code: spa
400 1# - SEE FROM TRACING--PERSONAL NAME
- Personal name: Calvo, Mariano Seoánez
670 ## - SOURCE DATA FOUND
- Source citation: His Aprovechamientoy tratamientos agrarios de las aguas residuales urbanas, 1978:
- Information found: t.p. (Mariano Seoánez Calvo, Dr. ingeniero de montes)
670 ## - SOURCE DATA FOUND
- Source citation: Ecología industrial: Ingeniería medioambiental aplicada a la industria y a la empresa. maniual para responsables medioambientales, 1998:
- Information found: portada (Mariano Seoanez Calvo)
670 ## - SOURCE DATA FOUND
- Source citation: Biblioteca del congreso (Estados Unidos), 17 diciembre 2018:
- Information found: catálogo electrónico
- Uniform Resource Identifier: https://goo.gl/HP51By